00513nam a22001817a 450000500170000000800410001701000100005801100100006803500100007808200180008810000210010624500530012726000370018030000200021749000320023765000300026983000320029920220329141123.0971010s1975 r 00010 d a62901 a63873 a68454 a621.3815bB4y00aBergtold, Fritz. aCircuitos integrados en aplicaciones prácticas aBarcelona :bGustavo Gili,c1975 a154 p.b: ilus. aBiblioteca de electrónica14aCircuitos electrónicos.0 aBiblioteca de electrónica